[Event "Titled Tuesday intern op 23rd Apr Late"]
[Site "Chess.com INT"]
[Date "2024.04.23"]
[Round "1"]
[White "Vargas, Mauricio"]
[Black "Sitbon, Itay"]
[Result "0-1"]
[WhiteElo "1974"]
[BlackElo "2199"]
[PlyCount "42"]
[EventDate "2024.04.23"]
[EventType "swiss (blitz)"]
[EventRounds "11"]
[EventCountry "USA"]
[SourceTitle "CB18_2024"]
[SourceDate "2024.05.01"]
[SourceVersion "1"]
[SourceVersionDate "2024.05.01"]
[SourceQuality "2"]

1. e4 e5 2. Nf3 d5 3. exd5 Nf6 4. Bc4 e4 5. Qe2 Bd6 6. 0-0 0-0 7. Nd4 c5 8. Nb5 Bxh2+ 9. Kxh2 Ng4+ 10. Kg1 Qh4 11. Qxg4 Bxg4 12. Nc7 Bf3 13. Re1 Qg4 14. Bf1 Nd7 15. Nxa8 Ne5 16. d4 cxd4 17. Nd2 Bxg2 18. Bxg2 Nf3+ 19. Kf1 Nh2+ 20. Kg1 Nf3+ 21. Nxf3 exf3 0-1

[Event "Titled Tuesday intern op 16th Apr Late"]
[Site "Chess.com INT"]
[Date "2024.04.16"]
[Round "5"]
[White "Diaz, Fernando"]
[Black "Sitbon, Itay"]
[Result "0-1"]
[WhiteElo "2086"]
[BlackElo "2199"]
[PlyCount "110"]
[EventDate "2024.04.16"]
[EventType "swiss (blitz)"]
[EventRounds "11"]
[EventCountry "USA"]
[SourceTitle "CB17_2024"]
[SourceDate "2024.04.24"]
[SourceVersion "1"]
[SourceVersionDate "2024.04.24"]
[SourceQuality "1"]

1. e4 c5 2. d4 cxd4 3. c3 dxc3 4. Nxc3 Nc6 5. Bc4 e6 6. Nf3 a6 7. 0-0 Nge7 8. Bb3 Ng6 9. Qe2 Bc5 10. Bg5 Qc7 11. Rac1 0-0 12. Nd5 exd5 13. Rxc5 Nd4 14. Rxc7 Nxe2+ 15. Kh1 dxe4 16. Nd2 Nd4 17. Bd5 Ne6 18. Bxe6 dxe6 19. Nxe4 e5 20. Be3 Be6 21. Rxb7 Bd5 22. Rb4 Bxa2 23. Ra1 Bd5 24. Nc3 Be6 25. Rba4 Rab8 26. Rxa6 Rxb2 27. Na4 Rc2 28. Nc5 Bc4 29. Ra8 h6 30. Rxf8+ Nxf8 31. h3 Kh7 32. Kh2 Ng6 33. Rc1 Rxc1 34. Bxc1 Bd5 35. Bb2 f6 36. g3 Kg8 37. h4 h5 38. Kg1 Kf7 39. Kf1 Ke7 40. Ke2 Kd6 41. Ba3 Bc4+ 42. Ke3 Kd5 43. Nd7 Bb5 44. Bb2 Bxd7 45. f4 exf4+ 46. gxf4 Nxh4 47. Bc1 Nf5+ 48. Kf3 Kd4 49. Bb2+ Kd3 50. Kg2 Bc6+ 51. Kh3 Ke2 52. Bc3 Kf2 53. Bd2 Bg2+ 54. Kh2 Nd4 55. Ba5 Nf3# 0-1

[Event "Titled Tuesday intern op 16th Apr Late"]
[Site "Chess.com INT"]
[Date "2024.04.16"]
[Round "2"]
[White "Harish, Neeraj"]
[Black "Sitbon, Itay"]
[Result "0-1"]
[WhiteElo "2213"]
[BlackElo "2199"]
[PlyCount "80"]
[EventDate "2024.04.16"]
[EventType "swiss (blitz)"]
[EventRounds "11"]
[EventCountry "USA"]
[SourceTitle "CB17_2024"]
[SourceDate "2024.04.24"]
[SourceVersion "1"]
[SourceVersionDate "2024.04.24"]
[SourceQuality "1"]

1. e4 e5 2. Nf3 d5 3. exd5 Nf6 4. Nxe5 Qxd5 5. d4 Nc6 6. Nxc6 Qxc6 7. Nc3 Bb4 8. Be2 Qxg2 9. Bf3 Qh3 10. Be3 0-0 11. Qe2 Re8 12. 0-0-0 Bxc3 13. bxc3 Qe6 14. Rhg1 Qxa2 15. Rg3 Bg4 16. Rxg4 Nxg4 17. Bxg4 c5 18. d5 Rad8 19. Qf3 Re5 20. Rd3 Rexd5 21. Qe4 Rxd3 22. cxd3 g6 23. Qc4 Qa1+ 24. Kc2 b6 25. Bf3 Qf1 26. Be4 Qe2+ 27. Kb3 a6 28. Bd5 Rd7 29. Be4 Qd1+ 30. Kb2 h5 31. Qxa6 Qe2+ 32. Kb3 c4+ 33. Qxc4 b5 34. Qc8+ Kg7 35. Qc5 Qd1+ 36. Kb2 b4 37. Bd4+ Kh7 38. Qxb4 Ra7 39. Bc5 Qd2+ 40. Kb3 Qa2# 0-1

[Event "Titled Tuesday intern op 16th Apr Early"]
[Site "Chess.com INT"]
[Date "2024.04.16"]
[Round "6"]
[White "Sitbon, Itay"]
[Black "Olhovik, Andrei"]
[Result "0-1"]
[WhiteElo "2199"]
[BlackElo "2283"]
[PlyCount "98"]
[EventDate "2024.04.16"]
[EventType "swiss (blitz)"]
[EventRounds "11"]
[EventCountry "USA"]
[SourceTitle "CB17_2024"]
[SourceDate "2024.04.24"]
[SourceVersion "1"]
[SourceVersionDate "2024.04.24"]
[SourceQuality "1"]

1. e4 c5 2. Nf3 e6 3. d4 cxd4 4. Nxd4 Bc5 5. Nb3 Bb6 6. Nc3 Ne7 7. Bd3 0-0 8. 0-0 Nbc6 9. Qh5 f5 10. exf5 Nxf5 11. Bg5 Nce7 12. Rad1 d5 13. Na4 Bc7 14. Rfe1 g6 15. Qe2 Qd6 16. g3 e5 17. Nc3 Qc6 18. Bb5 Qb6 19. Nxd5 Nxd5 20. Rxd5 Be6 21. Rd2 Bxb3 22. axb3 Nd4 23. Bc4+ Kg7 24. Rxd4 Qxd4 25. c3 Qb6 26. Be3 Qf6 27. b4 Bb6 28. Bd5 Bxe3 29. Qxe3 Rae8 30. Qxa7 Re7 31. Qe3 h5 32. h4 Qd6 33. Qe4 b6 34. Re2 Rf5 35. Kg2 Qf6 36. c4 g5 37. hxg5 Qxg5 38. Qe3 Qf6 39. b5 h4 40. Be4 Rh5 41. g4 h3+ 42. Kh2 Rh4 43. f3 Rh8 44. Bd5 Qh4 45. Qf2 Qg5 46. Qg3 Qc1 47. Rxe5 Qxb2+ 48. Re2 Rxe2+ 49. Qg2 Rxg2+ 0-1

[Event "Titled Tuesday intern op 02nd Apr Early"]
[Site "Chess.com INT"]
[Date "2024.04.02"]
[Round "7"]
[White "Hubbard, Andrew"]
[Black "Sitbon, Itay"]
[Result "1-0"]
[WhiteElo "2109"]
[BlackElo "2199"]
[PlyCount "131"]
[EventDate "2024.04.02"]
[EventType "swiss (blitz)"]
[EventRounds "11"]
[EventCountry "USA"]
[SourceTitle "CB15_2024"]
[SourceDate "2024.04.10"]
[SourceVersion "1"]
[SourceVersionDate "2024.04.10"]
[SourceQuality "1"]

1. d4 Nf6 2. c4 e6 3. Nf3 b6 4. a3 Bb7 5. Nc3 g6 6. Qc2 Bg7 7. e4 d6 8. Bd3 0-0 9. h4 c5 10. d5 exd5 11. cxd5 Re8 12. h5 Nxd5 13. hxg6 hxg6 14. Bg5 Qd7 15. Bb5 Rxe4+ 16. Nxe4 Qxb5 17. Nxd6 Qxb2 18. Qxb2 Bxb2 19. Rd1 Bc6 20. Nc4 Bc3+ 21. Kf1 Bb5 22. Nfd2 Bxd2 23. Rxd2 Bxc4+ 24. Kg1 Nc6 25. Rxd5 f6 26. Rd6 fxg5 27. Rxg6+ Kf7 28. Rxc6 Rd8 29. Rh7+ Kg8 30. Rxa7 Rd1+ 31. Kh2 Bf7 32. Rcc7 Be8 33. Re7 Kf8 34. Rh7 Kg8 35. Rag7+ Kf8 36. Rxg5 c4 37. Rh8+ Ke7 38. Rg7+ Kf6 39. Rb7 Bf7 40. Rh6+ Kg7 41. Rhxb6 c3 42. Rc6 Rd2 43. Rcc7 c2 44. Rxf7+ Kg6 45. Rfc7 Rxf2 46. Kg3 Rd2 47. Rc6+ Kf5 48. Rb5+ Ke4 49. Rc4+ Kd3 50. Rcc5 Ke2 51. Rb3 Kd1 52. Rbc3 Kc1 53. Rxc2+ Rxc2 54. Rxc2+ Kxc2 55. a4 Kc3 56. a5 Kc4 57. a6 Kc5 58. a7 Kc6 59. a8Q+ Kd7 60. Qd5+ Ke7 61. Kf4 Kf6 62. Qd6+ Kg7 63. Kf5 Kh7 64. Qd7+ Kh6 65. Qe7 Kh5 66. Qg5# 1-0

[Event "Titled Tuesday intern op 02nd Apr Late"]
[Site "Chess.com INT"]
[Date "2024.04.02"]
[Round "1"]
[White "Sitbon, Itay"]
[Black "Firouzja, Alireza"]
[Result "0-1"]
[WhiteElo "2199"]
[BlackElo "2760"]
[PlyCount "130"]
[EventDate "2024.04.02"]
[EventType "swiss (blitz)"]
[EventRounds "11"]
[EventCountry "USA"]
[SourceTitle "CB15_2024"]
[SourceDate "2024.04.10"]
[SourceVersion "1"]
[SourceVersionDate "2024.04.10"]
[SourceQuality "1"]

1. d4 c5 2. d5 e5 3. e4 d6 4. Nc3 Be7 5. Nf3 Nf6 6. Bg5 0-0 7. a4 Nbd7 8. a5 a6 9. Bc4 h6 10. Bd2 Re8 11. 0-0 Nf8 12. h3 Ng6 13. Na4 Nxe4 14. Nb6 Nxd2 15. Qxd2 Rb8 16. Rae1 Bg5 17. Nxg5 Qxg5 18. Qxg5 hxg5 19. Bd3 Nf4 20. Re3 g6 21. Rfe1 Kg7 22. b3 Rh8 23. Bf1 Bf5 24. c4 Rbd8 25. Rg3 Kf6 26. Rge3 g4 27. hxg4 Bxg4 28. f3 Bf5 29. Kf2 Rh2 30. Rd1 Rdh8 31. Rd2 g5 32. Na4 g4 33. fxg4 Bxg4 34. Nc3 Bf5 35. Rg3 e4 36. Re3 Ke5 37. Rd1 Rg8 38. Kg1 Nxg2 39. Kxh2 Nxe3 40. Re1 Ng4+ 41. Kg3 Nf6+ 42. Kf2 Rh8 43. Bg2 Rh4 44. Kg3 Rg4+ 45. Kh2 Nh5 46. Bf3 Rh4+ 47. Kg1 Nf4 48. Nxe4 Nh3+ 49. Kg2 Bxe4 50. Rxe4+ Rxe4 51. Bxe4 Kxe4 52. Kxh3 Kd4 53. Kg4 Kc3 54. Kf5 Kxb3 55. Kf6 Kxc4 56. Ke7 Kxd5 57. Kd7 c4 58. Kc7 c3 59. Kxb7 c2 60. Kb6 c1Q 61. Ka7 Qc6 62. Kb8 f5 63. Ka7 Qb5 64. Ka8 Kc6 65. Ka7 Qb7# 0-1

[Event "Titled Tuesday intern op 02nd Apr Late"]
[Site "Chess.com INT"]
[Date "2024.04.02"]
[Round "10"]
[White "Sitbon, Itay"]
[Black "Goltsev, Dmitry"]
[Result "0-1"]
[WhiteElo "2199"]
[BlackElo "2215"]
[PlyCount "50"]
[EventDate "2024.04.02"]
[EventType "swiss (blitz)"]
[EventRounds "11"]
[EventCountry "USA"]
[SourceTitle "CB15_2024"]
[SourceDate "2024.04.10"]
[SourceVersion "1"]
[SourceVersionDate "2024.04.10"]
[SourceQuality "1"]

1. e4 e6 2. d4 d5 3. Nd2 c5 4. dxc5 Bxc5 5. Bd3 Nf6 6. Qe2 Nc6 7. Ngf3 0-0 8. Nb3 dxe4 9. Nxc5 exf3 10. Qe3 fxg2 11. Rg1 Nd4 12. Bd2 Qd5 13. Ne4 Ng4 14. Qh3 f5 15. c4 fxe4 16. cxd5 Nf3+ 17. Ke2 exd3+ 18. Kxd3 Nxf2+ 19. Ke3 Nxh3 20. Rxg2 Nxd2 21. Rxd2 exd5 22. Rxd5 Bg4 23. Rc1 Rad8 24. Rb5 Rfe8+ 25. Re5 Rxe5# 0-1

[Event "Titled Tuesday intern op 02nd Apr Late"]
[Site "Chess.com INT"]
[Date "2024.04.02"]
[Round "7"]
[White "Sitbon, Itay"]
[Black "Saveliev, Alexei"]
[Result "0-1"]
[WhiteElo "2199"]
[BlackElo "2347"]
[PlyCount "84"]
[EventDate "2024.04.02"]
[EventType "swiss (blitz)"]
[EventRounds "11"]
[EventCountry "USA"]
[SourceTitle "CB15_2024"]
[SourceDate "2024.04.10"]
[SourceVersion "1"]
[SourceVersionDate "2024.04.10"]
[SourceQuality "1"]

1. e4 g6 2. d4 Bg7 3. h4 h5 4. Bc4 d6 5. Nc3 Nc6 6. Be3 e5 7. Nge2 Nf6 8. Qd2 0-0 9. 0-0-0 Ng4 10. Bg5 Qe8 11. Nd5 exd4 12. Rdf1 Nce5 13. Bb3 d3 14. cxd3 Be6 15. Nec3 Bxd5 16. Nxd5 Qb5 17. f3 Nxd3+ 18. Kb1 Nge5 19. Nf6+ Kh8 20. g4 a5 21. gxh5 a4 22. h6 Bxf6 23. Bxf6+ Kh7 24. Bd5 c6 25. f4 cxd5 26. fxe5 dxe5 27. Bg7 dxe4 28. h5 g5 29. Rh2 Nf4 30. Rg1 Rfd8 31. Qc2 f5 32. Bf6 Rdc8 33. Qd2 g4 34. Bg5 Qd3+ 35. Qxd3 Nxd3 36. Rd1 a3 37. bxa3 Ra5 38. Rb2 Rc7 39. Rb6 Rac5 40. Rg6 f4 41. Rf6 Rc1+ 42. Rxc1 Rxc1# 0-1

[Event "Titled Tuesday intern op 02nd Apr Early"]
[Site "Chess.com INT"]
[Date "2024.04.02"]
[Round "1"]
[White "Sitbon, Itay"]
[Black "Terry, Renato"]
[Result "0-1"]
[WhiteElo "2199"]
[BlackElo "2521"]
[PlyCount "100"]
[EventDate "2024.04.02"]
[EventType "swiss (blitz)"]
[EventRounds "11"]
[EventCountry "USA"]
[SourceTitle "CB15_2024"]
[SourceDate "2024.04.10"]
[SourceVersion "1"]
[SourceVersionDate "2024.04.10"]
[SourceQuality "1"]

1. d4 Nf6 2. Nc3 d5 3. Bf4 e6 4. Nb5 Na6 5. e3 c6 6. Nc3 Nc7 7. Nf3 Nh5 8. Be5 Bb4 9. Bd3 0-0 10. 0-0 g6 11. h3 f6 12. Bh2 Bd6 13. e4 Bxh2+ 14. Kxh2 Qd6+ 15. Kg1 e5 16. dxe5 fxe5 17. exd5 cxd5 18. Re1 Re8 19. Nb5 Nxb5 20. Bxb5 Re7 21. c3 Nf4 22. Bf1 Bf5 23. Qb3 Rd8 24. Rad1 Kg7 25. Qa4 Kg8 26. Qxa7 h6 27. Qe3 g5 28. Nh2 Rf8 29. Ng4 h5 30. Nxe5 Ng6 31. Nc4 Qf6 32. Qb6 dxc4 33. Bxc4+ Kg7 34. Rxe7+ Nxe7 35. Qxb7 Qe5 36. Bb3 g4 37. Qb6 gxh3 38. g3 Bg4 39. Rc1 h4 40. gxh4 Ng6 41. Qb7+ Kh6 42. Qb4 Qe2 43. Qd4 Qf3 44. Qe3+ Qxe3 45. fxe3 Nxh4 46. Kh2 Kg5 47. Kg3 Rf3+ 48. Kh2 Rf2+ 49. Kh1 Nf3 50. Rg1 Rh2# 0-1

[Event "Titled Tuesday intern op 02nd Apr Early"]
[Site "Chess.com INT"]
[Date "2024.04.02"]
[Round "3"]
[White "Sitbon, Itay"]
[Black "Xu, Yi"]
[Result "0-1"]
[WhiteElo "2199"]
[BlackElo "2495"]
[PlyCount "84"]
[EventDate "2024.04.02"]
[EventType "swiss (blitz)"]
[EventRounds "11"]
[EventCountry "USA"]
[SourceTitle "CB15_2024"]
[SourceDate "2024.04.10"]
[SourceVersion "1"]
[SourceVersionDate "2024.04.10"]
[SourceQuality "1"]

1. e4 c5 2. Nf3 Nc6 3. Bb5 g6 4. 0-0 Bg7 5. c3 e5 6. d3 Nge7 7. Be3 d6 8. Nbd2 a6 9. Ba4 0-0 10. Qe2 h6 11. Rac1 Kh7 12. Bc2 Be6 13. Bb1 Rc8 14. Rfd1 b6 15. Nf1 d5 16. exd5 Nxd5 17. d4 Nxe3 18. Nxe3 exd4 19. cxd4 Nxd4 20. Nxd4 cxd4 21. Rxc8 Qxc8 22. Nc2 Rd8 23. Nb4 a5 24. Nd3 Bg4 25. f3 Bf5 26. Qd2 Re8 27. a3 Re3 28. Nf2 Bxb1 29. Rxb1 Qe6 30. Ne4 f5 31. Ng3 h5 32. Rd1 h4 33. Nf1 Re2 34. Qd3 Rxb2 35. f4 Qe4 36. Qh3 Bf6 37. Rd3 Qe2 38. Rf3 Rb1 39. a4 d3 40. g3 Qxf3 41. gxh4 Qxh3 42. Kh1 Rxf1# 0-1

[Event "ISR-ch op"]
[Site "Acre"]
[Date "2024.01.29"]
[Round "9"]
[White "Levin, Guy"]
[Black "Sitbon, Itay"]
[Result "1-0"]
[WhiteElo "2435"]
[BlackElo "2213"]
[PlyCount "159"]
[EventDate "2024.01.21"]
[EventType "swiss"]
[EventRounds "9"]
[EventCountry "ISR"]
[SourceTitle "CB05_2024"]
[SourceDate "2024.01.31"]
[SourceVersion "1"]
[SourceVersionDate "2024.01.31"]
[SourceQuality "1"]

1. c4 Nf6 2. Nf3 e6 3. g3 d5 4. Bg2 Be7 5. 0-0 0-0 6. d3 c5 7. cxd5 Nxd5 8. d4 Nc6 9. dxc5 Bxc5 10. a3 Nf6 11. Qc2 Bb6 12. Nc3 h6 13. Na4 Bc7 14. Be3 Qe7 15. Rfd1 Bd6 16. b4 Nd5 17. Bd2 Bd7 18. e4 Rac8 19. Qb3 Nf6 20. b5 Ne5 21. Nxe5 Bxe5 22. Bb4 Qe8 23. Rac1 Rxc1 24. Rxc1 Bxb5 25. Bxf8 Bxa4 26. Qb4 Bc6 27. Bc5 a6 28. Rd1 Kh7 29. Bb6 Nd7 30. Bd4 Bxd4 31. Rxd4 e5 32. Rd6 Nf6 33. Bh3 Qe7 34. f3 g6 35. Rd2 Qc7 36. Qc5 Kg7 37. Rd6 Ne8 38. Rd2 Nf6 39. Kf2 Qb8 40. Rd6 Qe8 41. Qb6 Qe7 42. Qd8 Qxd8 43. Rxd8 h5 44. Bc8 g5 45. h4 g4 46. Bf5 gxf3 47. Kxf3 Kh6 48. Ke3 Kg7 49. Kd3 Bb5+ 50. Kd2 Bc6 51. Ke3 Kh6 52. Rd6 Kg7 53. Bc8 Ne8 54. Rxc6 bxc6 55. Bxa6 Nd6 56. a4 f5 57. exf5 Nxf5+ 58. Kf2 Nd6 59. a5 c5 60. Be2 Kg6 61. a6 Nc8 62. Ke3 Na7 63. Ke4 Nc6 64. Kd5 Nb4+ 65. Kxc5 Nxa6+ 66. Bxa6 Kf5 67. Be2 Kg6 68. Kd5 e4 69. Kxe4 Kh6 70. Kf5 Kg7 71. Bxh5 Kh6 72. g4 Kg7 73. g5 Kh7 74. Bd1 Kg7 75. h5 Kh7 76. h6 Kh8 77. g6 Kg8 78. Bb3+ Kh8 79. g7+ Kh7 80. g8Q+ 1-0

[Event "ISR-ch op"]
[Site "Acre"]
[Date "2024.01.23"]
[Round "3"]
[White "Yaniv, Yuval"]
[Black "Sitbon, Itay"]
[Result "1-0"]
[WhiteElo "2383"]
[BlackElo "2213"]
[PlyCount "93"]
[EventDate "2024.01.21"]
[EventType "swiss"]
[EventRounds "9"]
[EventCountry "ISR"]
[SourceTitle "CB05_2024"]
[SourceDate "2024.01.31"]
[SourceVersion "1"]
[SourceVersionDate "2024.01.31"]
[SourceQuality "1"]

1. e4 c6 2. d4 d5 3. e5 c5 4. Nf3 cxd4 5. Nxd4 Nc6 6. Nxc6 bxc6 7. Bd3 Ba6 8. c4 dxc4 9. Be4 Qxd1+ 10. Kxd1 0-0-0+ 11. Kc2 e6 12. Be3 Kb7 13. Nc3 Ne7 14. b4 cxb3+ 15. axb3 Nd5 16. Bxd5 cxd5 17. Ra4 Rc8 18. Rha1 Rc6 19. b4 f6 20. b5 Rxc3+ 21. Kxc3 Bxb5 22. Rxa7+ Kc6 23. f4 h5 24. Ra8 Bc5 25. Bxc5 Rxa8 26. Rxa8 Kxc5 27. Rc8+ Bc6 28. f5 d4+ 29. Kd2 exf5 30. e6 Kd6 31. e7 Kxe7 32. Rxc6 Kf7 33. Rc7+ Kg6 34. Kd3 h4 35. Kxd4 Kh6 36. Kd5 g6 37. Ke6 Kg5 38. Rf7 Kg4 39. Kxf6 f4 40. Kxg6 h3 41. gxh3+ Kf3 42. h4 Kg4 43. h5 Kf3 44. h6 Kg4 45. h7 f3 46. h8Q f2 47. Qh5# 1-0

[Event "Ramat Gan Lag BaOmer op"]
[Site "Ramat Gan"]
[Date "2023.05.08"]
[Round "5"]
[White "Sitbon, Itay"]
[Black "Aizenberg, Benny"]
[Result "1-0"]
[WhiteElo "2177"]
[BlackElo "2403"]
[PlyCount "97"]
[EventDate "2023.05.08"]
[EventType "swiss (rapid)"]
[EventRounds "5"]
[EventCountry "ISR"]
[SourceTitle "CBM 214 Extra"]
[Source "ChessBase"]
[SourceDate "2023.07.31"]
[SourceVersion "1"]
[SourceVersionDate "2023.07.31"]
[SourceQuality "1"]

1. g4 g5 2. d4 d5 3. h3 Bg7 4. Bxg5 c5 5. e3 Qb6 6. Nc3 cxd4 7. exd4 e6 8. Nge2 Nc6 9. Bg2 h5 10. gxh5 Nh6 11. Qd2 Nf5 12. 0-0-0 Rxh5 13. h4 Bd7 14. Nf4 Rh8 15. Ncxd5 exd5 16. Nxd5 Qxd4 17. Qe1+ Kf8 18. Rxd4 Nfxd4 19. Be7+ Kg8 20. Nf6+ Bxf6 21. Bxf6 Rh6 22. Bxc6 Nxc6 23. Rg1+ Rg6 24. Rxg6+ fxg6 25. Qd2 Be8 26. Qh6 Kf7 27. Qg7+ Ke6 28. Bc3 b6 29. b4 Rd8 30. b5 Ne7 31. Qe5+ Kd7 32. Bb4 Nf5 33. h5 Bf7 34. hxg6 Bxg6 35. Qd5+ Kc7 36. Qc6+ Kb8 37. Qxg6 Nd4 38. Bd6+ Kc8 39. Qg4+ Rd7 40. Qxd4 Rh7 41. Qc4+ Kd7 42. Qc7+ Ke6 43. Qxh7 a5 44. bxa6 b5 45. Qe7+ Kd5 46. a7 b4 47. a8B+ Kd4 48. Qe4+ Kc3 49. Bxb4# 1-0

[Event "EU-ch 23rd"]
[Site "Vrnjacka Banja"]
[Date "2023.03.13"]
[Round "11"]
[White "Irizanin, Radoje"]
[Black "Sitbon, Itay"]
[Result "0-1"]
[WhiteElo "2288"]
[BlackElo "2144"]
[PlyCount "82"]
[EventDate "2023.03.03"]
[EventType "swiss"]
[EventRounds "11"]
[EventCountry "SRB"]
[SourceTitle "CBM 213"]
[Source "ChessBase"]
[SourceDate "2023.04.30"]
[SourceVersion "1"]
[SourceVersionDate "2023.04.30"]
[SourceQuality "1"]

1. b3 Nf6 2. Bb2 g6 3. Bxf6 exf6 4. c4 d5 5. cxd5 Qxd5 6. Nc3 Qa5 7. g3 Ba3 8. Bg2 Nc6 9. Nd5 Be6 10. Nxf6+ Ke7 11. Ne4 Rhd8 12. Nf3 Bd5 13. Nc3 Bxf3 14. exf3 Bb2 15. 0-0 Bxa1 16. Qxa1 Kf8 17. f4 Qc5 18. Ne4 Qd4 19. Qc1 Re8 20. Ng5 f6 21. Nf3 Qd6 22. h4 Re7 23. f5 Kg7 24. fxg6 hxg6 25. h5 gxh5 26. Nh4 Nd4 27. Qc4 c5 28. b4 Rc8 29. Kh2 f5 30. Bh3 Kf6 31. Qd3 Qe5 32. bxc5 Rxc5 33. Bg2 Rd7 34. Rb1 b6 35. Rb4 Qe2 36. Qe3 Qxe3 37. fxe3 Ne6 38. Rb2 Rdc7 39. Bh3 Rc2 40. Rb5 R7c5 41. Rxc5 Nxc5 0-1

[Event "EU-ch 23rd"]
[Site "Vrnjacka Banja"]
[Date "2023.03.11"]
[Round "9"]
[White "Van Dael, Siem"]
[Black "Sitbon, Itay"]
[Result "1-0"]
[WhiteElo "2312"]
[BlackElo "2144"]
[PlyCount "120"]
[EventDate "2023.03.03"]
[EventType "swiss"]
[EventRounds "11"]
[EventCountry "SRB"]
[SourceTitle "CBM 213"]
[Source "ChessBase"]
[SourceDate "2023.04.30"]
[SourceVersion "1"]
[SourceVersionDate "2023.04.30"]
[SourceQuality "1"]

1. e4 c5 2. Nf3 Nc6 3. d4 cxd4 4. Nxd4 g6 5. c4 Bg7 6. Be3 Qb6 7. Nb5 Qa5+ 8. Bd2 Qd8 9. Bc3 Nf6 10. Bd3 d6 11. Nd2 e5 12. 0-0 a6 13. Na3 0-0 14. Nc2 a5 15. b3 Nd7 16. Ne3 Nc5 17. Bc2 Nd4 18. a3 Bh6 19. Nd5 Be6 20. b4 axb4 21. axb4 Rxa1 22. Bxa1 Na6 23. b5 Nc5 24. Bc3 f5 25. Bxd4 exd4 26. exf5 Bxd5 27. cxd5 d3 28. Bb1 Qg5 29. Nb3 Nxb3 30. Qxb3 Qxf5 31. Qxd3 Qxd3 32. Bxd3 Rc8 33. f4 Rc3 34. Be2 Rc2 35. Bg4 Bg7 36. Be6+ Kf8 37. g3 Bd4+ 38. Kh1 Ra2 39. Rf3 Ra1+ 40. Kg2 Ra2+ 41. Kh3 Bg1 42. Kg4 Rxh2 43. Ra3 Bd4 44. Ra8+ Ke7 45. Rb8 b6 46. Rb7+ Kf8 47. Rd7 Bc5 48. Kg5 Rb2 49. Kg4 Rh2 50. Rf7+ Ke8 51. Rg7 Bd4 52. Rg8+ Ke7 53. Rb8 Bc5 54. Bg8 Kf6 55. Rf8+ Kg7 56. Rc8 Kf6 57. Be6 Ke7 58. Rc7+ Kd8 59. Rb7 Bd4 60. Rb8+ Kc7 1-0

[Event "EU-ch 23rd"]
[Site "Vrnjacka Banja"]
[Date "2023.03.10"]
[Round "8"]
[White "Sitbon, Itay"]
[Black "Shadyev, Damir"]
[Result "1-0"]
[WhiteElo "2144"]
[BlackElo "1712"]
[PlyCount "67"]
[EventDate "2023.03.03"]
[EventType "swiss"]
[EventRounds "11"]
[EventCountry "SRB"]
[SourceTitle "CBM 213"]
[Source "ChessBase"]
[SourceDate "2023.04.30"]
[SourceVersion "1"]
[SourceVersionDate "2023.04.30"]
[SourceQuality "1"]

1. d4 Nf6 2. Bf4 g6 3. Nc3 Bg7 4. e4 d6 5. Qd2 c6 6. Bh6 Bxh6 7. Qxh6 e5 8. 0-0-0 Qe7 9. h3 a6 10. Nf3 b5 11. Bd3 Nbd7 12. Rhe1 Qf8 13. Qd2 Qe7 14. Bf1 Bb7 15. Kb1 Rd8 16. g4 c5 17. dxe5 dxe5 18. a4 bxa4 19. Nd5 Nxd5 20. exd5 Qd6 21. Qh6 Qf6 22. Re3 Ke7 23. d6+ Ke8 24. g5 Qf4 25. Qg7 Rf8 26. Nxe5 Nxe5 27. d7+ Rxd7 28. Rxe5+ Qxe5 29. Qxe5+ Kd8 30. Qb8+ Bc8 31. Qb6+ Ke8 32. Re1+ Re7 33. Qc6+ Kd8 34. Qd6+ 1-0

[Event "EU-ch 23rd"]
[Site "Vrnjacka Banja"]
[Date "2023.03.05"]
[Round "3"]
[White "Sitbon, Itay"]
[Black "Sahakyan, Aleks"]
[Result "1/2-1/2"]
[WhiteElo "2144"]
[BlackElo "2343"]
[PlyCount "106"]
[EventDate "2023.03.03"]
[EventType "swiss"]
[EventRounds "11"]
[EventCountry "SRB"]
[SourceTitle "CBM 213"]
[Source "ChessBase"]
[SourceDate "2023.04.30"]
[SourceVersion "1"]
[SourceVersionDate "2023.04.30"]
[SourceQuality "1"]

1. d4 Nf6 2. c4 g6 3. Nc3 Bg7 4. e4 d6 5. h3 0-0 6. Bg5 c5 7. d5 e6 8. Bd3 exd5 9. cxd5 Re8 10. Nge2 Qc7 11. 0-0 c4 12. Bc2 Nbd7 13. Nd4 Nc5 14. Ndb5 Qb6 15. a4 a6 16. a5 Qd8 17. Na3 Qxa5 18. Nxc4 Qc7 19. e5 dxe5 20. d6 Qc6 21. Bxf6 Bxf6 22. Nd5 Bd8 23. b4 Nd7 24. Bb3 b5 25. Na3 Bb7 26. Qf3 Qxd6 27. Rfd1 e4 28. Nc7 exf3 29. Rxd6 Bxc7 30. Rxd7 Rec8 31. Rxf7 Kh8 32. gxf3 Bc6 33. Rc1 Bd6 34. Be6 Bd7 35. Rxc8+ Bxc8 36. Bd5 Rb8 37. Nc2 Bxh3 38. f4 Rc8 39. Be4 Be6 40. Rf6 Re8 41. Nd4 Bc4 42. Rxd6 Rxe4 43. f5 Rg4+ 44. Kh2 gxf5 45. Nxf5 Rg6 46. Rxg6 hxg6 47. Ng3 Kg7 48. f4 Kf6 49. Kg2 Ke6 50. Kf2 Kd6 51. Ke1 Be6 52. Kd2 Kc6 53. Kc3 Kb6 1/2-1/2

[Event "Wch U20 59th"]
[Site "Cala Gonone"]
[Date "2022.10.16"]
[Round "6"]
[White "Sitbon, Itay"]
[Black "Karsten, Jan"]
[Result "1-0"]
[WhiteElo "2133"]
[BlackElo "1985"]
[PlyCount "100"]
[EventDate "2022.10.12"]
[EventType "swiss"]
[EventRounds "11"]
[EventCountry "ITA"]
[SourceTitle "CBM 210 Extra"]
[Source "ChessBase"]
[SourceDate "2022.11.30"]
[SourceVersion "1"]
[SourceVersionDate "2022.11.30"]
[SourceQuality "1"]

1. d4 d5 2. c4 c6 3. Nf3 Nf6 4. e3 e6 5. Bd3 dxc4 6. Bxc4 Nbd7 7. 0-0 Bd6 8. b3 0-0 9. Bb2 Qe7 10. Ne5 c5 11. f4 cxd4 12. exd4 Nb6 13. Bd3 Nbd5 14. Qf3 Nb4 15. Bc4 Nc2 16. Nc3 Nxd4 17. Qh3 Bc5 18. Kh1 h6 19. Rad1 Nf5 20. Na4 Ne4 21. Qf3 Qh4 22. Nxc5 Nxc5 23. Ba3 Qe7 24. Nd3 b6 25. Nxc5 bxc5 26. Qxa8 Bb7 27. Bxc5 Bxa8 28. Bxe7 Nxe7 29. Rd7 Nf5 30. Rfd1 Ne3 31. R1d2 a5 32. Kg1 a4 33. Rd8 axb3 34. Rxf8+ Kxf8 35. Rd8+ Ke7 36. Rxa8 Nxc4 37. axb3 Nb6 38. Ra7+ Kf6 39. Kf2 Nd5 40. Kf3 g5 41. fxg5+ hxg5 42. Rb7 Kg6 43. b4 f5 44. b5 e5 45. b6 e4+ 46. Kf2 e3+ 47. Ke1 Nf4 48. Rd7 Nxg2+ 49. Ke2 f4 50. b7 g4 1-0